000 00350 a2200109 4500
001 ART_18429
005 20260410161702.0
008 260409a
245 1 0 _aDeducción de la indemnización por despido en el impuesto a las ganancias
100 1 _aColaneri, Horacio A.
773 0 _tRevista Impuestos
_g- Nº 4 (abr. 2012)
_wREV639
999 _c15233
_d15233